Jouer, représenter : Pratiques dramatiques et formation (notice n° 1926066)
[ vue normale ]
| 000 -LEADER | |
|---|---|
| fixed length control field | 01137cam a2200133 4500500 |
| 005 - DATE AND TIME OF LATEST TRANSACTION | |
| control field | 20260329023303.0 |
| 041 ## - LANGUAGE CODE | |
| Language code of text/sound track or separate title | fre |
| 042 ## - AUTHENTICATION CODE | |
| Authentication code | dc |
| 100 10 - MAIN ENTRY--PERSONAL NAME | |
| Personal name | Ryngaert, Jean-Pierre |
| Relator term | author |
| 245 00 - TITLE STATEMENT | |
| Title | Jouer, représenter : Pratiques dramatiques et formation |
| 260 ## - PUBLICATION, DISTRIBUTION, ETC. | |
| Name of publisher, distributor, etc. | Armand Colin,<br/> |
| Date of publication, distribution, etc. | 2010.<br/> |
| 520 ## - SUMMARY, ETC. | |
| Summary, etc. | Ce livre traite du jeu théâtral sur scène et dans le cadre pédagogique. Il interroge la capacité de jeu, la relation au partenaire, l’écoute ; il décrit et analyse les pratiques d’atelier comme l’improvisation. Il permet de réfléchir aux modalités d’une « théâtralité discrète » qui fasse le lien entre les phénomènes sensibles et leur expression artistique. Loin des listes d’astuces et de ficelles de la représentation, c’est une réflexion sur l’expression de l’intériorité, de la sensibilité du sujet via les formes codées du théâtre. L’auteur propose une approche à la fois théorique et pratique : de nombreuses mises en situation viennent éclairer le propos. |
| 856 41 - ELECTRONIC LOCATION AND ACCESS | |
| Uniform Resource Identifier | <a href="https://shs.cairn.info/jouer-representer--9782200247997?lang=fr&redirect-ssocas=7080">https://shs.cairn.info/jouer-representer--9782200247997?lang=fr&redirect-ssocas=7080</a> |
Pas d'exemplaire disponible.




Réseaux sociaux